<?xml version="1.0" encoding="UTF-8"?><record xmlns="http://www.loc.gov/MARC21/slim" xmlns:zs="http://docs.oasis-open.org/ns/search-ws/sruResponse">
  <leader>01125cz  a2200289n  4500</leader>
  <controlfield tag="001">n  85073129 </controlfield>
  <controlfield tag="003">DLC</controlfield>
  <controlfield tag="005">20200710070248.0</controlfield>
  <controlfield tag="008">850724n| azannaabn          |a ana      </controlfield>
  <datafield ind1=" " ind2=" " tag="010">
    <subfield code="a">n  85073129 </subfield>
  </datafield>
  <datafield ind1="8" ind2=" " tag="024">
    <subfield code="1">http://viaf.org/viaf/151331366</subfield>
  </datafield>
  <datafield ind1=" " ind2=" " tag="034">
    <subfield code="d">W0091810</subfield>
    <subfield code="e">W0091810</subfield>
    <subfield code="f">N0531448</subfield>
    <subfield code="g">N0531448</subfield>
    <subfield code="2">geonames</subfield>
  </datafield>
  <datafield ind1=" " ind2=" " tag="035">
    <subfield code="a">(OCoLC)oca01376069</subfield>
  </datafield>
  <datafield ind1=" " ind2=" " tag="040">
    <subfield code="a">DLC</subfield>
    <subfield code="b">eng</subfield>
    <subfield code="e">rda</subfield>
    <subfield code="c">DLC</subfield>
    <subfield code="d">DLC</subfield>
    <subfield code="d">OCoLC</subfield>
    <subfield code="d">NcD</subfield>
  </datafield>
  <datafield ind1=" " ind2=" " tag="043">
    <subfield code="a">e-ie---</subfield>
  </datafield>
  <datafield ind1=" " ind2=" " tag="151">
    <subfield code="a">Spiddle (Ireland)</subfield>
  </datafield>
  <datafield ind1=" " ind2=" " tag="451">
    <subfield code="a">An Spidéal (Ireland)</subfield>
  </datafield>
  <datafield ind1=" " ind2=" " tag="451">
    <subfield code="a">Spidéal (Ireland)</subfield>
  </datafield>
  <datafield ind1=" " ind2=" " tag="451">
    <subfield code="a">Spiddal (Ireland)</subfield>
  </datafield>
  <datafield ind1=" " ind2=" " tag="451">
    <subfield code="w">nne</subfield>
    <subfield code="a">Spiddle (Galway)</subfield>
  </datafield>
  <datafield ind1=" " ind2=" " tag="667">
    <subfield code="a">URIs added to this record for the PCC URI MARC Pilot. Please do not remove or edit the URIs.</subfield>
  </datafield>
  <datafield ind1=" " ind2=" " tag="670">
    <subfield code="a">Cois Fharraige, 1982?:</subfield>
    <subfield code="b">map recto (An Spidéal)</subfield>
  </datafield>
  <datafield ind1=" " ind2=" " tag="670">
    <subfield code="a">Survey gaz. o/t Brit. Isles, 9th ed. 1943</subfield>
    <subfield code="b">(Spiddle, Vil., Co. Galway, also Spiddal)</subfield>
  </datafield>
  <datafield ind1=" " ind2=" " tag="670">
    <subfield code="a">Reader's Digest comp. atlas o/t Brit. Isles, 1965</subfield>
    <subfield code="b">(Spiddle, Co. Galway; An Spidéal)</subfield>
  </datafield>
  <datafield ind1=" " ind2=" " tag="675">
    <subfield code="a">Col. Lipp. gaz., 1962.</subfield>
  </datafield>
  <datafield ind1=" " ind2=" " tag="670">
    <subfield code="a">GeoNames, algorithmically matched, 2009</subfield>
    <subfield code="b">(ppl; 53°14ʹ48ʺN 009°18ʹ10ʺW)</subfield>
  </datafield>
  <datafield ind1=" " ind2="0" tag="781">
    <subfield code="z">Ireland</subfield>
    <subfield code="z">Spiddle</subfield>
  </datafield>
</record>
